00676 2200265 4500001002100000005001500021035002000036007000300056008004100059020002200100082000600122084001200128100000900140245007100149250001000220260004400230300003100274650001800305700001500323700000800338700001000346500003200356990001100388990001100399INLIS00000000000780920220309115908 a0010-0321001179ta220309 d 1 ind  a978-602-02-7442-3 aF aF MIT p0 aMITA1 aPredator vol.4 /cMita, Yokan Ota; alih bahasa, She; editor, Vonny acet.1 aJakarta :bElex Media Komputindo,c2015 a194 hal. :bilus. ;c17 cm 4aKOMIK, BACAAN0 aYOKAN, Ota0 aSHE0 aVONNY aJudul asli : Hito Kui vol.4 a6147 a a6147 a